Chýrne Chynorany

Bibliographic Details
Main Author: Kováč, Michal, 1930-2023 (Author)
Format: Article
Language:Slovak
PhysicalDescription:Fotogr. 2
ISSN:0323-2883
Subjects:

MARC

LEADER 00000nab a2200000 a 4500
001 vtls000621284
003 SK-MaSNL
005 20260303173033.0
008 140416c1997 xo 0 slo
015 |a SNBRB19rr/mm-uuuuu 
035 |a CL0621423 
040 |a SNKBUCL  |b slo  |c SNKBUCL  |e AACR2 
041 0 |a slo 
044 |a xo  |c SK 
080 |a 82:061.7:06.063:82.085  |2 1981 
080 |a 82.085  |2 1981 
100 1 |a Kováč, Michal,  |d 1930-2023  |4 aut  |9 13813 
245 1 0 |a Chýrne Chynorany  |c Mišo A. Kováč 
300 |b Fotogr. 2 
611 2 7 |a Ponitrie Valentína Beniaka  |n (4. :  |d 1997 :  |c Chynorany, Slovensko)  |2 snkbucl  |9 49654 
655 7 |a články z novín a časopisov  |2 snkbucl  |9 267496 
773 0 |t Javisko  |g Roč. 29, č. 4 (1997), s. 26  |x 0323-2883 
850 |a Slovenská národná knižnica v Martine  |a MTA001 
852 |a SNK  |b KIS3GCP 
958 |a LX 
958 |a SK 
958 |a RK 
992 |a RBX 
999 |c 2090738  |d 2092668